10 pays manquants sur une carte - Statistiques

Statistiques générales
  • Ce quiz a été pris 1 260 fois
  • Le résultat moyen est 7 sur 10
Réponses sur la Carte
Les réponses sont colorées sur une échelle allant du rouge au vert en fonction du pourcentage des utilisateurs qui les ont devinées à leur premier essai. Vous pouvez retrouver ces pourcentages ci-dessous.
 
Statistiques - réponses
Pays % Correct
Algérie
100%
Arabie Saoudite
100%
Biélorussie
100%
Bolivie
100%
Brésil
100%
Canada
100%
Colombie
100%
États-Unis
100%
Kazakhstan
100%
Libye
100%
Mauritanie
100%
Mexique
100%
Mongolie
100%
Paraguay
100%
République Centrafricaine
100%
Suisse
100%
Turquie
100%
Chine
97%
France
97%
Pakistan
97%
Russie
97%
Afrique du Sud
96%
Allemagne
96%
Argentine
96%
République Démocratique du Congo
96%
République Tchèque
96%
Soudan
96%
Égypte
95%
Niger
95%
Nigeria
94%
Pérou
94%
Sénégal
94%
Inde
93%
Mali
91%
Tchad
91%
Burkina Faso
90%
Chili
90%
Indonésie
90%
Kenya
90%
Népal
90%
Roumanie
90%
Soudan du Sud
90%
Italie
89%
Pologne
89%
Suède
89%
Uruguay
89%
Espagne
88%
Japon
88%
Togo
88%
Hongrie
87%
Ukraine
87%
Afghanistan
86%
Cameroun
86%
Panama
86%
Botswana
85%
Éthiopie
85%
Laos
85%
Namibie
85%
Tanzanie
85%
Tunisie
85%
Ghana
83%
Guyana
83%
Ouzbékistan
83%
Royaume-Uni
83%
Slovaquie
83%
Venezuela
83%
Angola
82%
Belgique
82%
Bénin
82%
Birmanie
82%
Kosovo
82%
Mozambique
82%
Serbie
82%
Slovénie
82%
Croatie
81%
Côte d'Ivoire
80%
Iran
80%
Maroc
80%
Corée du Nord
79%
Équateur
79%
Autriche
78%
Finlande
78%
Portugal
78%
République du Congo
77%
Zambie
77%
Oman
76%
Bhoutan
74%
Érythrée
74%
Guatemala
74%
Honduras
74%
Tadjikistan
74%
Turkménistan
74%
Zimbabwe
74%
Costa Rica
73%
Irak
73%
Norvège
73%
Thaïlande
73%
Corée du Sud
72%
Lesotho
71%
Lituanie
71%
Malawi
70%
Sri Lanka
70%
Bulgarie
69%
Grèce
69%
Australie
68%
Sierra Leone
68%
Arménie
67%
Ouganda
67%
Yémen
67%
Guinée
65%
Pays-Bas
65%
Viêt Nam
65%
Bosnie-Herzégovine
64%
Danemark
64%
Lettonie
64%
Îles Salomon
63%
Islande
63%
Suriname
63%
Haïti
62%
Jordanie
62%
Nicaragua
62%
Rwanda
61%
Guinée-Bissau
60%
Macédoine du Nord
60%
Moldavie
59%
Sao Tomé-et-Principe
59%
Liberia
58%
Madagascar
58%
Maurice
58%
Philippines
58%
Irlande
56%
Salvador
56%
Azerbaïdjan
55%
Bangladesh
55%
Cap-Vert
55%
Malaisie
55%
Comores
54%
Géorgie
54%
République Dominicaine
54%
Kirghizistan
53%
Taïwan
53%
États Fédérés de Micronésie
52%
Monténégro
52%
Papouasie-Nouvelle-Guinée
52%
Burundi
50%
Cambodge
50%
Eswatini
50%
Maldives
50%
Seychelles
50%
Guinée Équatoriale
48%
Gabon
47%
Luxembourg
47%
Nouvelle-Zélande
47%
Estonie
46%
Palaos
45%
Vanuatu
45%
Malte
43%
Djibouti
42%
Émirats Arabes Unis
42%
Jamaïque
42%
Tonga
42%
Gambie
41%
Somalie
41%
Îles Marshall
39%
Bahamas
38%
Chypre
38%
Fidji
38%
Israël
38%
Syrie
38%
Albanie
37%
Kiribati
36%
Belize
35%
Nauru
35%
Tuvalu
35%
Qatar
33%
Koweït
28%
Samoa
26%
Cuba
24%
Liban
22%
Timor Oriental
14%
Trinité-et-Tobago
3%
Aucun quiz correspondant
Distribution des résultats
% des personnes avec chaque résultat
Percentile par nombre de réponses
Votre historique - résultats
Vous n’avez pas pris ce quiz